Vista normal Vista MARC

Entrada Topical Term

Número de registros utilizados en: 1

001 - CONTROL NUMBER

  • control field: 36719

003 - CONTROL NUMBER IDENTIFIER

  • control field: OSt

005 - DATE AND TIME OF LATEST TRANSACTION

  • control field: 20210412101559.0

008 - FIXED-LENGTH DATA ELEMENTS

  • fixed length control field: 210412|| aca||aabn | a|a d

040 ## - CATALOGING SOURCE

  • Original cataloging agency: OSt
  • Transcribing agency: OSt

150 ## - HEADING--TOPICAL TERM

  • Topical term or geographic name entry element: Estrategias de fidelización
  • General subdivision: Clientes bancarios

670 ## - SOURCE DATA FOUND

  • Source citation: Work cat.: (OSt)11464: Arancibia Carvajal, Sara, autora 25592, Factores que influyen la lealtad de los clientes : , 2012.